000 00643nam a2200205 4500
001 127568
003 ES-MaACL
005 20230906193034.0
007 t|
008 070214s1948 sp r ||||1| spa d
100 1 _aRigau, Alejo.
_997190
245 1 0 _aElaboración y refinado del aceite de oliva /
_cAlejo Rigau.
260 _aPalma :
_b[s.n.],
_c1948 (
_fImp. Fernando Soler Queralt)
300 _a95 p. :
_bil. ;
_c19 cm.
490 1 _aSelecta enciclopedia práctica
650 _aAceite de oliva-
_xElaboración.
_9171210
830 1 _aSelecta enciclopedia práctica
_9181339
852 _aES-MaACL
_jE-506
999 _c127568
_d127568